[Event "GBR-ch111 Over 50"]
[Site "Liverpool"]
[Date "2025.08.08"]
[Round "5.10"]
[White "Kee, Steve"]
[Black "Gardiner, Eric D"]
[Result "0-1"]
[WhiteElo "1977"]
[BlackElo "1869"]
[PlyCount "60"]
[EventDate "2025.08.04"]
[EventType "swiss"]
[EventRounds "7"]
[EventCountry "GBR"]
[SourceTitle "BritBase"]
[Source "John Saunders"]
[SourceDate "2025.08.11"]
[SourceVersion "1"]
[SourceVersionDate "2025.08.11"]
[SourceQuality "1"]

1. c4 e6 2. e4 d5 3. cxd5 exd5 4. exd5 Nf6 5. Bb5+ Nbd7 6. Nc3 a6 7. Be2 Nb6 8. d4 h6 9. Nf3 Nbxd5 10. O-O Be7 11. Re1 O-O 12. Bd3 Bg4 13. h3 Be6 14. a3 Qd6 15. Na4 b6 16. Bd2 Rfe8 17. Rc1 Nf4 18. Bf1 Bd5 19. Be3 Bb7 20. Ne5 N6d5 21. Qd2 Nxe3 22. fxe3 Ng6 23. Nxg6 fxg6 24. Bd3 Qg3 25. e4 Bg5 26. Qe2 Bf4 27. Rc3 Qh2+ 28. Kf1 Bg3 29. Bc4+ Kh7 30. Rxg3 Qxg3 0-1

[Event "GBR-ch111 Over 50"]
[Site "Liverpool"]
[Date "2025.08.08"]
[Round "5.11"]
[White "Handley, Michael R"]
[Black "Wheeler, Tim"]
[Result "1-0"]
[WhiteElo "1974"]
[BlackElo "1784"]
[PlyCount "57"]
[EventDate "2025.08.04"]
[EventType "swiss"]
[EventRounds "7"]
[EventCountry "GBR"]
[SourceTitle "BritBase"]
[Source "John Saunders"]
[SourceDate "2025.08.11"]
[SourceVersion "1"]
[SourceVersionDate "2025.08.11"]
[SourceQuality "1"]

1. d4 Nf6 2. c4 g6 3. Nc3 Bg7 4. e4 d6 5. Be2 O-O 6. Bg5 Na6 7. h4 c5 8. d5 Qa5 9. Bd2 e6 10. h5 Qd8 11. h6 Bh8 12. dxe6 Bxe6 13. Nf3 Qe7 14. Bg5 Nb4 15. Qd2 a6 16. O-O-O Rfd8 17. Qf4 Nc6 18. Rhe1 Rd7 19. Qh4 Nb4 20. a3 a5 21. e5 dxe5 22. Rxd7 Bxd7 23. axb4 axb4 24. Nd5 Qd6 25. Bxf6 Qa6 26. Bd3 Qa1+ 27. Kd2 Qxb2+ 28. Ke3 Ra2 29. Bxe5 1-0

[Event "GBR-ch111 Over 50"]
[Site "Liverpool"]
[Date "2025.08.08"]
[Round "5.12"]
[White "Thomas, Robert"]
[Black "Rubeck, Jonathan"]
[Result "1-0"]
[WhiteElo "2166"]
[BlackElo "1850"]
[PlyCount "93"]
[EventDate "2025.08.04"]
[EventType "swiss"]
[EventRounds "7"]
[EventCountry "GBR"]
[SourceTitle "BritBase"]
[Source "John Saunders"]
[SourceDate "2025.08.11"]
[SourceVersion "1"]
[SourceVersionDate "2025.08.11"]
[SourceQuality "1"]

1. d4 Nf6 2. c4 g6 3. Nc3 d5 4. Nf3 Bg7 5. h4 dxc4 6. e3 c5 7. Bxc4 cxd4 8. Nb5 O-O 9. Nbxd4 e5 10. Nb5 Qxd1+ 11. Kxd1 Nc6 12. Bd2 a6 13. Nc3 Rd8 14. Ng5 Na5 15. Bxf7+ Kf8 16. Nd5 Nxd5 17. Bxa5 b6 18. Bd2 e4 19. Rb1 Bf5 20. Be6 Rd6 21. Nxh7+ Ke8 22. Bxf5 gxf5 23. Ke2 Rc8 24. Rbc1 Rxc1 25. Rxc1 Bxb2 26. Rc2 Be5 27. Ng5 a5 28. g3 Ne7 29. Nh3 Kf7 30. Bc1 Kf6 31. Nf4 b5 32. Rc5 Rb6 33. Bd2 a4 34. Ba5 Rb7 35. Bd8 Bd6 36. Rc6 Ke5 37. Bxe7 Bxe7 38. Ng6+ Kd5 39. Nxe7+ Rxe7 40. Rf6 Ke5 41. Rb6 Rc7 42. Rxb5+ Kf6 43. Kd2 Rd7+ 44. Kc2 Rd3 45. Rb4 Ra3 46. Kb2 Rd3 47. Rd4 1-0

[Event "GBR-ch111 Over 50"]
[Site "Liverpool"]
[Date "2025.08.08"]
[Round "5.13"]
[White "Regan, Natasha K"]
[Black "Ridge, Michael"]
[Result "0-1"]
[WhiteElo "2064"]
[BlackElo "1868"]
[PlyCount "128"]
[EventDate "2025.08.04"]
[EventType "swiss"]
[EventRounds "7"]
[EventCountry "GBR"]
[SourceTitle "BritBase"]
[Source "John Saunders"]
[SourceDate "2025.08.11"]
[SourceVersion "1"]
[SourceVersionDate "2025.08.11"]
[SourceQuality "1"]

1. Nf3 Nf6 2. c4 g6 3. b4 Bg7 4. Bb2 O-O 5. g3 Nc6 6. b5 Na5 7. d3 a6 8. a4 d5 9. cxd5 Qxd5 10. Bg2 axb5 11. Nbd2 Be6 12. O-O Qh5 13. Be5 Nc6 14. d4 Nxe5 15. dxe5 Nd7 16. axb5 Rxa1 17. Qxa1 Nxe5 18. Qc1 c5 19. b6 Nd7 20. Ne4 c4 21. Nfg5 Qxe2 22. Nxe6 fxe6 23. Re1 Qa2 24. Qe3 Qb3 25. Qg5 Bf6 26. Nxf6+ exf6 27. Qg4 f5 28. Qd4 Qd3 29. Qh4 Nc5 30. Bf1 Qd6 31. Bxc4 Ne4 32. Qh6 Qxb6 33. Re3 Rc8 34. Bd3 Nf6 35. Qg5 Ng4 36. Re2 Qd8 37. Qxd8+ Rxd8 38. Bc4 Re8 39. Bxe6+ Kg7 40. f3 Kf6 41. Bc4 Rxe2 42. Bxe2 Ne5 43. h4 h6 44. Kf2 Ke6 45. Ke3 g5 46. hxg5 hxg5 47. Kd4 Kd6 48. g4 Nc6+ 49. Ke3 Ke5 50. gxf5 Kxf5 51. Bd3+ Ke5 52. Be4 Na5 53. Kd3 Kf4 54. Bd5 Nc6 55. Kc3 Ke3 56. Kb2 Kd4 57. Be6 Ne5 58. Bc8 b6 59. Bb7 Ke3 60. Kc3 Nxf3 61. Kb4 g4 62. Bc8 g3 63. Bh3 Kf2 64. Kb5 Ng5 0-1

[Event "GBR-ch111 Over 50"]
[Site "Liverpool"]
[Date "2025.08.08"]
[Round "5.14"]
[White "Minnican, Alan"]
[Black "Cook, Phil"]
[Result "0-1"]
[WhiteElo "2056"]
[BlackElo "1844"]
[PlyCount "44"]
[EventDate "2025.08.04"]
[EventType "swiss"]
[EventRounds "7"]
[EventCountry "GBR"]
[SourceTitle "BritBase"]
[Source "John Saunders"]
[SourceDate "2025.08.11"]
[SourceVersion "1"]
[SourceVersionDate "2025.08.11"]
[SourceQuality "1"]

1. d4 Nf6 2. Nf3 c5 3. c3 d5 4. Bg5 Qb6 5. Qb3 Nc6 6. e3 c4 7. Qxb6 axb6 8. Bxf6 gxf6 9. Nbd2 b5 10. Be2 e6 11. O-O b4 12. Rfc1 bxc3 13. bxc3 Ba3 14. Rcb1 Ra5 15. Rb6 Kd8 16. Rab1 Bd6 17. R1b2 Kc7 18. Bd1 Ra3 19. Nb1 Ra7 20. a4 Na5 21. Nbd2 Nb3 22. a5 Nxa5 0-1

[Event "GBR-ch111 Over 50"]
[Site "Liverpool"]
[Date "2025.08.08"]
[Round "5.15"]
[White "Noyce, Robert C"]
[Black "Faulkner, Martin J"]
[Result "1/2-1/2"]
[WhiteElo "2040"]
[BlackElo "1818"]
[PlyCount "44"]
[EventDate "2025.08.04"]
[EventType "swiss"]
[EventRounds "7"]
[EventCountry "GBR"]
[SourceTitle "BritBase"]
[Source "John Saunders"]
[SourceDate "2025.08.11"]
[SourceVersion "1"]
[SourceVersionDate "2025.08.11"]
[SourceQuality "1"]

1. c4 e6 2. e4 c5 3. Nc3 Nc6 4. g3 h5 5. h3 Nf6 6. Bg2 d5 7. exd5 exd5 8. Nxd5 Nd4 9. d3 Nxd5 10. Bxd5 Bd6 11. Ne2 Qe7 12. Be3 Be6 13. Bg2 h4 14. g4 O-O 15. O-O Rad8 16. Nxd4 cxd4 17. Bxd4 Bb8 18. Bc3 Bxc4 19. Be4 Bxd3 20. Bxd3 Qd6 21. f4 Qxd3 22. Qf3 Qxf3 1/2-1/2

[Event "GBR-ch111 Over 50"]
[Site "Liverpool"]
[Date "2025.08.08"]
[Round "5.16"]
[White "Mason, Donald J"]
[Black "Letton, Rob"]
[Result "1-0"]
[WhiteElo "2015"]
[BlackElo "1711"]
[PlyCount "55"]
[EventDate "2025.08.04"]
[EventType "swiss"]
[EventRounds "7"]
[EventCountry "GBR"]
[SourceTitle "BritBase"]
[Source "John Saunders"]
[SourceDate "2025.08.11"]
[SourceVersion "1"]
[SourceVersionDate "2025.08.11"]
[SourceQuality "1"]

1. e4 c5 2. Nf3 g6 3. c3 Bg7 4. d4 cxd4 5. cxd4 d5 6. e5 Bg4 7. Bb5+ Nc6 8. Bxc6+ bxc6 9. Nbd2 Qb6 10. O-O e6 11. h3 Bxf3 12. Nxf3 Ne7 13. b3 Nf5 14. Ba3 Bf8 15. Bxf8 Kxf8 16. g4 Ng7 17. Qc1 h5 18. Qa3+ Kg8 19. Kg2 Ne8 20. Rac1 hxg4 21. hxg4 Rc8 22. Rh1 Rxh1 23. Rxh1 Qd8 24. Qc1 f6 25. Qh6 Kf7 26. Qh7+ Ng7 27. Rh6 fxe5 28. Nxe5+ 1-0

[Event "GBR-ch111 Over 50"]
[Site "Liverpool"]
[Date "2025.08.08"]
[Round "5.17"]
[White "Coffey, Mike J"]
[Black "Homer, Stephen J"]
[Result "1-0"]
[WhiteElo "1894"]
[BlackElo "2005"]
[PlyCount "91"]
[EventDate "2025.08.04"]
[EventType "swiss"]
[EventRounds "7"]
[EventCountry "GBR"]
[SourceTitle "BritBase"]
[Source "John Saunders"]
[SourceDate "2025.08.11"]
[SourceVersion "1"]
[SourceVersionDate "2025.08.11"]
[SourceQuality "1"]

1. d4 d5 2. Bf4 Nf6 3. e3 c5 4. c3 Qb6 5. Qb3 c4 6. Qc2 g6 7. Nd2 Bf5 8. Qc1 Nc6 9. h3 Bg7 10. Ngf3 O-O 11. Ne5 Qd8 12. g4 Be6 13. Bg2 Rc8 14. Qc2 Nd7 15. Nef3 f6 16. O-O b5 17. a3 Kh8 18. Rfe1 Bf7 19. e4 g5 20. Bg3 Bg6 21. Qd1 e6 22. Re3 Nb6 23. Qe1 Re8 24. exd5 exd5 25. Re6 Bf7 26. Rxe8+ Qxe8 27. Nf1 Qxe1 28. Rxe1 Re8 29. Rxe8+ Bxe8 30. Ne3 Na4 31. Nxd5 Nxb2 32. Nc7 Bd7 33. Nxb5 Bf8 34. Nd2 a6 35. Nd6 Na5 36. Bd5 Bb5 37. N2e4 Na4 38. Kf1 Nb6 39. Be6 Be7 40. Nxb5 axb5 41. Bc7 Bxa3 42. Bxb6 Nb7 43. Bd5 Nd6 44. Nxd6 Bxd6 45. Ba5 Kg7 46. Bc6 1-0

[Event "GBR-ch111 Over 50"]
[Site "Liverpool"]
[Date "2025.08.08"]
[Round "5.18"]
[White "Jennings, Richard"]
[Black "Archer-Lock, Christopher J"]
[Result "1-0"]
[WhiteElo "1926"]
[BlackElo "1974"]
[PlyCount "97"]
[EventDate "2025.08.04"]
[EventType "swiss"]
[EventRounds "7"]
[EventCountry "GBR"]
[SourceTitle "BritBase"]
[Source "John Saunders"]
[SourceDate "2025.08.11"]
[SourceVersion "1"]
[SourceVersionDate "2025.08.11"]
[SourceQuality "1"]

1. d4 d5 2. Bf4 c5 3. e3 Nf6 4. Nd2 Nc6 5. c3 Bg4 6. Ngf3 e6 7. Qa4 Nd7 8. Bb5 Qb6 9. O-O a6 10. Bxc6 Qxc6 11. Qxc6 bxc6 12. c4 cxd4 13. exd4 Bb4 14. a3 Bxd2 15. Nxd2 O-O 16. Rac1 Rfc8 17. Rc3 Nb6 18. Rfc1 Be2 19. b3 dxc4 20. bxc4 Bh5 21. Rb1 Nd7 22. Rb7 Nf6 23. f3 Bg6 24. Kf2 Rd8 25. Ke3 Nh5 26. Bc7 Rd7 27. Rcb3 Rc8 28. Ba5 Rxb7 29. Rxb7 f6 30. g4 c5 31. gxh5 cxd4+ 32. Kxd4 e5+ 33. Ke3 Bxh5 34. Bc7 Bf7 35. c5 Bd5 36. Rb8 Rxb8 37. Bxb8 Kf7 38. Ne4 Ke6 39. Bd6 h6 40. Nc3 Bc6 41. Bc7 g5 42. Na2 f5 43. Nb4 f4+ 44. Kf2 Bb5 45. c6 e4 46. fxe4 Bxc6 47. Nxc6 Kd7 48. Bxf4 gxf4 49. Ne5+ 1-0

[Event "GBR-ch111 Over 50"]
[Site "Liverpool"]
[Date "2025.08.08"]
[Round "5.19"]
[White "Swiatkowski, Aram"]
[Black "Singhal, Saket"]
[Result "1-0"]
[WhiteElo "1844"]
[BlackElo "1613"]
[PlyCount "75"]
[EventDate "2025.08.04"]
[EventType "swiss"]
[EventRounds "7"]
[EventCountry "GBR"]
[SourceTitle "BritBase"]
[Source "John Saunders"]
[SourceDate "2025.08.11"]
[SourceVersion "1"]
[SourceVersionDate "2025.08.11"]
[SourceQuality "1"]

1. e4 c6 2. Nf3 d5 3. Nc3 e6 4. d3 Bb4 5. Bd2 d4 6. Ne2 Bxd2+ 7. Qxd2 c5 8. c3 Nc6 9. Qf4 Nf6 10. Qg5 O-O 11. Qxc5 dxc3 12. Nxc3 Qe7 13. Qxe7 Nxe7 14. Be2 b6 15. Rc1 Rd8 16. Nb5 Bd7 17. Nbd4 Rac8 18. O-O Nc6 19. Nxc6 Bxc6 20. Rc3 Nh5 21. g3 Bb5 22. Rxc8 Rxc8 23. Nd4 Bxd3 24. Bxd3 Rd8 25. Be2 Nxg3 26. hxg3 Rxd4 27. Rd1 e5 28. Rxd4 exd4 29. Kf1 Kf8 30. Ke1 Ke7 31. Kd2 Kd6 32. Kd3 Kc5 33. a3 a5 34. f4 b5 35. e5 a4 36. Ke4 b4 37. axb4+ Kxb4 38. Kxd4 1-0

[Event "GBR-ch111 Over 50"]
[Site "Liverpool"]
[Date "2025.08.08"]
[Round "5.20"]
[White "Wilson, Matthew R"]
[Black "Sykes, Chris"]
[Result "0-1"]
[WhiteElo "1784"]
[BlackElo "1903"]
[PlyCount "84"]
[EventDate "2025.08.04"]
[EventType "swiss"]
[EventRounds "7"]
[EventCountry "GBR"]
[SourceTitle "BritBase"]
[Source "John Saunders"]
[SourceDate "2025.08.11"]
[SourceVersion "1"]
[SourceVersionDate "2025.08.11"]
[SourceQuality "1"]

1. e4 c6 2. d4 d5 3. exd5 cxd5 4. Bd3 Nc6 5. c3 Qc7 6. Ne2 Bg4 7. O-O e6 8. Qe1 Nf6 9. f3 Bh5 10. Qh4 Rg8 11. Nf4 Bg6 12. Nxg6 hxg6 13. Bg5 O-O-O 14. Nd2 Bd6 15. f4 Rh8 16. Qe1 Rh7 17. g3 Rdh8 18. Bh4 Be7 19. Nf3 Ng4 20. Ng5 Bxg5 21. fxg5 Rxh4 22. Rxf7 Qxf7 23. gxh4 Qf4 24. Qg3 Qe3+ 25. Qxe3 Nxe3 26. Re1 Nf5 27. Rxe6 Nxh4 28. Bxg6 Nf3+ 29. Kg2 Nxg5 30. Re3 Rf8 31. h4 Rf6 32. Bc2 Ne6 33. Kg3 Kd7 34. a4 Ne7 35. Re5 Kd6 36. b3 Nc6 37. Re3 b6 38. b4 Ne7 39. Re5 Rf1 40. Re2 g6 41. a5 bxa5 42. bxa5 Ra1 0-1

[Event "GBR-ch111 Over 50"]
[Site "Liverpool"]
[Date "2025.08.08"]
[Round "5.21"]
[White "Tuke, David"]
[Black "Giulian, Rosemary A"]
[Result "0-1"]
[WhiteElo "1722"]
[BlackElo "1861"]
[PlyCount "64"]
[EventDate "2025.08.04"]
[EventType "swiss"]
[EventRounds "7"]
[EventCountry "GBR"]
[SourceTitle "BritBase"]
[Source "John Saunders"]
[SourceDate "2025.08.11"]
[SourceVersion "1"]
[SourceVersionDate "2025.08.11"]
[SourceQuality "1"]

1. d4 e6 2. Nf3 Nf6 3. Bf4 d5 4. e3 Bd6 5. Bg3 c5 6. c3 Qc7 7. Bxd6 Qxd6 8. Nbd2 O-O 9. Bd3 Nc6 10. O-O e5 11. dxe5 Nxe5 12. Nxe5 Qxe5 13. Nf3 Qh5 14. Nd2 Qh6 15. Re1 Be6 16. Qc2 Ng4 17. h3 Ne5 18. Bf5 Rad8 19. b3 b6 20. Red1 Qf6 21. Bxe6 fxe6 22. Rf1 Ng6 23. Rad1 e5 24. c4 d4 25. exd4 exd4 26. Nf3 Nf4 27. Nh2 Qc6 28. f3 Qd6 29. Rfe1 Rfe8 30. Ng4 d3 31. Qd2 Re2 32. Rxe2 dxe2 0-1

[Event "GBR-ch111 Over 50"]
[Site "Liverpool"]
[Date "2025.08.08"]
[Round "5.22"]
[White "Rooney, Derek"]
[Black "May, Paul"]
[Result "0-1"]
[WhiteElo "1658"]
[BlackElo "1815"]
[PlyCount "78"]
[EventDate "2025.08.04"]
[EventType "swiss"]
[EventRounds "7"]
[EventCountry "GBR"]
[SourceTitle "BritBase"]
[Source "John Saunders"]
[SourceDate "2025.08.11"]
[SourceVersion "1"]
[SourceVersionDate "2025.08.11"]
[SourceQuality "1"]

1. d4 g6 2. c4 Bg7 3. Nc3 c5 4. e3 f5 5. Nf3 cxd4 6. exd4 Nf6 7. Be2 O-O 8. Bg5 d6 9. Qc1 Nbd7 10. O-O a6 11. Bh6 e5 12. Bxg7 Kxg7 13. dxe5 dxe5 14. Rd1 Qc7 15. b3 Nb6 16. Qb2 Be6 17. a4 Rad8 18. a5 Nc8 19. Na4 Qxa5 20. Nxe5 Rxd1+ 21. Rxd1 Kg8 22. Nf3 Ne4 23. Qe5 Qxe5 24. Nxe5 b5 25. Nb2 Nc3 26. Rd2 Re8 27. f4 Nd6 28. cxb5 Nde4 29. Rc2 Bxb3 30. Bc4+ Bxc4 31. Nbxc4 axb5 32. Nd6 Ra8 33. Nxe4 Nxe4 34. Kf1 b4 35. Rb2 b3 36. Nc4 Ra4 37. Nb6 Ra1+ 38. Ke2 Ra2 39. Nc4 Nd6 0-1

[Event "GBR-ch111 Over 50"]
[Site "Liverpool"]
[Date "2025.08.08"]
[Round "5.23"]
[White "Kenning, Paul H"]
[Black "Betts, Richard"]
[Result "1/2-1/2"]
[WhiteElo "1764"]
[BlackElo "1808"]
[PlyCount "35"]
[EventDate "2025.08.04"]
[EventType "swiss"]
[EventRounds "7"]
[EventCountry "GBR"]
[SourceTitle "BritBase"]
[Source "John Saunders"]
[SourceDate "2025.08.11"]
[SourceVersion "1"]
[SourceVersionDate "2025.08.11"]
[SourceQuality "1"]

1. e4 e6 2. d4 d5 3. Bd3 dxe4 4. Bxe4 Nf6 5. Bf3 Nbd7 6. Nc3 Bb4 7. Bd2 O-O 8. Ne4 Bxd2+ 9. Qxd2 Nxe4 10. Bxe4 Nf6 11. Bd3 b6 12. O-O-O Bb7 13. f3 c5 14. Ne2 Qc7 15. dxc5 bxc5 16. Nc3 a5 17. Nb5 Qc6 18. Nd6 1/2-1/2

[Event "GBR-ch111 Over 50"]
[Site "Liverpool"]
[Date "2025.08.08"]
[Round "5.24"]
[White "Kelly, Richard"]
[Black "Richards, Simon"]
[Result "1-0"]
[WhiteElo "1787"]
[BlackElo "1697"]
[PlyCount "85"]
[EventDate "2025.08.04"]
[EventType "swiss"]
[EventRounds "7"]
[EventCountry "GBR"]
[SourceTitle "BritBase"]
[Source "John Saunders"]
[SourceDate "2025.08.11"]
[SourceVersion "1"]
[SourceVersionDate "2025.08.11"]
[SourceQuality "1"]

1. d4 e6 2. c4 f5 3. g3 Nf6 4. Bg2 Be7 5. b3 d5 6. Nh3 Ne4 7. O-O Nd7 8. Bb2 c6 9. Nd2 Nxd2 10. Qxd2 Nf6 11. f3 O-O 12. Rad1 a5 13. Nf4 a4 14. Kh1 Qb6 15. Qc2 a3 16. Bc3 Qc7 17. Nd3 Nd7 18. c5 Rf6 19. f4 Rh6 20. Ne5 Nf6 21. Kg1 Bd7 22. h3 Ne4 23. Bxe4 fxe4 24. Kg2 Rf8 25. Rh1 Rhf6 26. e3 h5 27. Kf2 g5 28. Rdg1 Kh7 29. Bd2 Rf5 30. Ke2 b6 31. cxb6 Qxb6 32. Nxd7 Qb5+ 33. Kd1 Rc8 34. Nc5 e5 35. Rf1 exd4 36. exd4 Bxc5 37. dxc5 Re8 38. Be3 gxf4 39. Rxf4 Rxf4 40. gxf4 Rg8 41. Qe2 Qxe2+ 42. Kxe2 Rg2+ 43. Bf2 1-0

[Event "GBR-ch111 Over 50"]
[Site "Liverpool"]
[Date "2025.08.08"]
[Round "5.25"]
[White "Morrison, Munroe L"]
[Black "Matthews, Adrian MS"]
[Result "0-1"]
[WhiteElo "1806"]
[BlackElo "1796"]
[PlyCount "48"]
[EventDate "2025.08.04"]
[EventType "swiss"]
[EventRounds "7"]
[EventCountry "GBR"]
[SourceTitle "BritBase"]
[Source "John Saunders"]
[SourceDate "2025.08.11"]
[SourceVersion "1"]
[SourceVersionDate "2025.08.11"]
[SourceQuality "1"]

1. e4 c5 2. Nc3 Nc6 3. Bb5 g6 4. Bxc6 dxc6 5. d3 e5 6. Qe2 Bg7 7. f4 Qh4+ 8. g3 Qe7 9. Nf3 exf4 10. Bxf4 Be6 11. Qd2 Nf6 12. Bh6 Bxh6 13. Qxh6 O-O-O 14. Nd2 c4 15. dxc4 Ng4 16. Qf4 g5 17. Qf3 Qc5 18. Nd1 Rhe8 19. h3 Ne5 20. Qe3 Qd6 21. b3 Qxd2+ 22. Qxd2 Nf3+ 23. Ke2 Nxd2 24. Nc3 f5 0-1

[Event "GBR-ch111 Over 50"]
[Site "Liverpool"]
[Date "2025.08.08"]
[Round "5.26"]
[White "Potter, Steven"]
[Black "Strugar, Ioan"]
[Result "0-1"]
[WhiteElo "1855"]
[BlackElo "1659"]
[PlyCount "86"]
[EventDate "2025.08.04"]
[EventType "swiss"]
[EventRounds "7"]
[EventCountry "GBR"]
[SourceTitle "BritBase"]
[Source "John Saunders"]
[SourceDate "2025.08.11"]
[SourceVersion "1"]
[SourceVersionDate "2025.08.11"]
[SourceQuality "1"]

1. d4 Nf6 2. Bg5 c6 3. Bxf6 exf6 4. e3 d5 5. Bd3 Bd6 6. Nf3 Bg4 7. Nbd2 O-O 8. c3 Bh5 9. Qc2 Bg6 10. Bxg6 fxg6 11. O-O Nd7 12. Qb3 Nb6 13. e4 Kh8 14. exd5 cxd5 15. Rfe1 Qd7 16. a4 Rae8 17. a5 Nc8 18. Kf1 Ne7 19. Re2 g5 20. h3 h5 21. Rae1 g6 22. Qc2 Kg7 23. Qd3 Nf5 24. Rxe8 Rxe8 25. Rxe8 Qxe8 26. a6 b6 27. b3 g4 28. hxg4 hxg4 29. Ne1 g3 30. Qe2 Qh8 31. Qe6 Qh1+ 32. Ke2 gxf2 33. Qd7+ Kh6 34. Nef3 Qxg2 35. Nf1 Ng3+ 36. Kd2 Nxf1+ 37. Kc1 Ne3 38. Nd2 Bf4 39. Qd8 Nf5 40. Qxf6 f1=Q+ 41. Kb2 Qxd2+ 42. Ka3 Bd6+ 43. Ka4 Qa2# 0-1

[Event "GBR-ch111 Over 50"]
[Site "Liverpool"]
[Date "2025.08.08"]
[Round "5.27"]
[White "Graff, Ben"]
[Black "Lynch, Chris"]
[Result "1-0"]
[WhiteElo "1809"]
[BlackElo "1615"]
[PlyCount "83"]
[EventDate "2025.08.04"]
[EventType "swiss"]
[EventRounds "7"]
[EventCountry "GBR"]
[SourceTitle "BritBase"]
[Source "John Saunders"]
[SourceDate "2025.08.11"]
[SourceVersion "1"]
[SourceVersionDate "2025.08.11"]
[SourceQuality "1"]

1. e4 c5 2. Nc3 g6 3. g3 Bg7 4. Nge2 Nc6 5. Bg2 e6 6. O-O Nge7 7. d3 O-O 8. Be3 d6 9. d4 Qb6 10. dxc5 dxc5 11. Na4 Qa5 12. Nac3 Rd8 13. Qc1 Nd4 14. Rb1 Rb8 15. Rd1 e5 16. a3 Qc7 17. Re1 Be6 18. Nd1 Nec6 19. Nxd4 Nxd4 20. Nc3 a6 21. Nd5 Bxd5 22. exd5 Nf5 23. c4 Nd6 24. b3 b6 25. Bh6 f5 26. Bxg7 Qxg7 27. Qc3 Re8 28. Re2 a5 29. Reb2 Re7 30. b4 e4 31. Qxg7+ Kxg7 32. Bf1 Rbb7 33. bxa5 bxa5 34. Rb6 Red7 35. Rxd6 Rxb1 36. Rxd7+ Kf6 37. Ra7 h5 38. Rxa5 Ke5 39. Rxc5 Ra1 40. Ra5 g5 41. d6+ Kf6 42. Rd5 1-0

[Event "GBR-ch111 Over 50"]
[Site "Liverpool"]
[Date "2025.08.08"]
[Round "5.28"]
[White "Miller, Jonathan"]
[Black "Aitchison, A Keith"]
[Result "0-1"]
[WhiteElo "1573"]
[BlackElo "1757"]
[PlyCount "78"]
[EventDate "2025.08.04"]
[EventType "swiss"]
[EventRounds "7"]
[EventCountry "GBR"]
[SourceTitle "BritBase"]
[Source "John Saunders"]
[SourceDate "2025.08.11"]
[SourceVersion "1"]
[SourceVersionDate "2025.08.11"]
[SourceQuality "1"]

1. e4 c6 2. Nf3 g6 3. g3 Bg7 4. Bg2 d6 5. d4 Bg4 6. c3 Nf6 7. Nbd2 O-O 8. Qc2 Nbd7 9. h3 Bxf3 10. Nxf3 e5 11. O-O Qc7 12. Re1 Rfe8 13. Nh2 Rad8 14. g4 Nf8 15. f4 exd4 16. cxd4 N6d7 17. Be3 Ne6 18. e5 dxe5 19. dxe5 Nb6 20. Rad1 Rxd1 21. Rxd1 Rd8 22. b3 Rd7 23. f5 Bxe5 24. Rxd7 Bxh2+ 25. Kh1 Nxd7 26. fxe6 fxe6 27. Qe4 Qe5 28. Qd3 Qd6 29. Qf1 a6 30. Qc4 Bg3 31. Qe2 Qe5 32. Qd2 Qd6 33. Qc1 Nf6 34. Qc2 Nd5 35. Bd2 Bf4 36. Qd3 Bxd2 37. Qxd2 Qf4 38. Qd1 Qf2 39. g5 Qxg2+ 0-1

[Event "GBR-ch111 Over 50"]
[Site "Liverpool"]
[Date "2025.08.08"]
[Round "5.29"]
[White "Slegg, Gary"]
[Black "Polanyk, John"]
[Result "1/2-1/2"]
[WhiteElo "1622"]
[BlackElo "1771"]
[PlyCount "55"]
[EventDate "2025.08.04"]
[EventType "swiss"]
[EventRounds "7"]
[EventCountry "GBR"]
[SourceTitle "BritBase"]
[Source "John Saunders"]
[SourceDate "2025.08.11"]
[SourceVersion "1"]
[SourceVersionDate "2025.08.11"]
[SourceQuality "1"]

1. e4 c5 2. d4 cxd4 3. c3 d3 4. Bxd3 d6 5. c4 Nf6 6. Nc3 g6 7. h3 Bg7 8. Nf3 Nc6 9. Be3 O-O 10. Qd2 Re8 11. Nd4 a6 12. f3 Bd7 13. O-O-O Rc8 14. Kb1 Na5 15. Qe2 e5 16. Nc2 Be6 17. c5 Bf8 18. Na4 Nd7 19. cxd6 b5 20. Nc3 Nc4 21. Bxc4 Bxc4 22. Qf2 Qa5 23. Na3 Be6 24. Nd5 Bxd5 25. Rxd5 Re6 26. Rhd1 Rc6 27. Rc1 Rxc1+ 28. Bxc1 1/2-1/2

[Event "GBR-ch111 Over 50"]
[Site "Liverpool"]
[Date "2025.08.08"]
[Round "5.30"]
[White "White, Nicholas E"]
[Black "Weersing, Nathan"]
[Result "1-0"]
[WhiteElo "1706"]
[BlackElo "1665"]
[PlyCount "89"]
[EventDate "2025.08.04"]
[EventType "swiss"]
[EventRounds "7"]
[EventCountry "GBR"]
[SourceTitle "BritBase"]
[Source "John Saunders"]
[SourceDate "2025.08.11"]
[SourceVersion "1"]
[SourceVersionDate "2025.08.11"]
[SourceQuality "1"]

1. f4 d5 2. Nf3 g6 3. e3 Bg7 4. Be2 Nf6 5. O-O O-O 6. d3 c5 7. Nbd2 Nc6 8. h3 Nh5 9. Ne5 Ng3 10. Nxc6 bxc6 11. Re1 e5 12. fxe5 Bxe5 13. Nf3 Bc7 14. c4 Qd6 15. Qd2 Rd8 16. Bf1 f6 17. b3 g5 18. e4 Nxf1 19. Rxf1 Qg3 20. Qf2 h6 21. Qxg3 Bxg3 22. Nh2 Be5 23. Rb1 Bb7 24. Ng4 Bd4+ 25. Kh1 Kg7 26. Be3 Bxe3 27. Nxe3 Re8 28. Nf5+ Kg6 29. Nd6 Re7 30. g4 Rd8 31. Nf5 Re5 32. Ng3 Bc8 33. Rbd1 d4 34. Nh5 Rf8 35. Rf2 Re7 36. Rdf1 Ref7 37. Ng3 a5 38. Nf5 Rd8 39. e5 Be6 40. Nd6 Rxd6 41. exd6 Kg7 42. Re2 Bd7 43. Rfe1 Kf8 44. Re7 Bc8 45. Re8+ 1-0

[Event "GBR-ch111 Over 50"]
[Site "Liverpool"]
[Date "2025.08.09"]
[Round "6.1"]
[White "Arkell, Keith C"]
[Black "Merriman, John"]
[Result "1/2-1/2"]
[WhiteElo "2363"]
[BlackElo "2202"]
[PlyCount "51"]
[EventDate "2025.08.04"]
[EventType "swiss"]
[EventRounds "7"]
[EventCountry "GBR"]
[SourceTitle "BritBase"]
[Source "John Saunders"]
[SourceDate "2025.08.11"]
[SourceVersion "1"]
[SourceVersionDate "2025.08.11"]
[SourceQuality "1"]

1. c4 e6 2. Nf3 Nf6 3. Nc3 Bb4 4. g3 O-O 5. Bg2 c5 6. O-O Nc6 7. d3 d6 8. Rb1 Rb8 9. a3 Ba5 10. e4 a6 11. Be3 b5 12. e5 Ng4 13. Bg5 Qd7 14. exd6 Bxc3 15. bxc3 h6 16. cxb5 Rxb5 17. Be7 Rxb1 18. Qxb1 Nxe7 19. dxe7 Qxe7 20. Qb6 Nf6 21. Ne5 Nd5 22. Qb3 Qc7 23. Re1 Rd8 24. f4 Ne7 25. Rd1 Kf8 26. Nc4 1/2-1/2